000 00482cam a2200193 4500
001 D2204
008 090401t1982 xxu||||| |||| 00| 0 eng d
035 _a(Sirsi) u68036
041 _aeng
050 _a658.1552
100 _aCartlidge, Duncan P
245 _aPractical cost planning : a guide for surveyors and architects
260 _aLondon
_bHutchinson
_c1982
300 _a120p. 23cm
350 _a5.5
700 _aMehrtens, Ian N
942 _n0
948 _c04/03/1997
999 _c95065
_d95065